000 00617nam a2200205 a 4500
001 000014502
005 20240412074241.0
008 100113s1994 xxc 000 0 spa d
020 _a2980409707
040 _aDO-SdBNP
_bspa
_cBNPHU
082 _aRD863.44
_bM839a
100 1 _aMorel, Eucilda Jorge
_932754
245 1 4 _aLos aretes de la luna /
_cEucilda Jorge Morel.
260 _aMontreal :
_bFourmi Rose,
_c1994.
300 _a80 p. ;
_c21 cm.
590 _aInventariado, 2020/BT
650 0 _aCuentos dominicanos
_9176
650 0 _aLiteratura dominicana.
_967
910 _aValidado. Control de calidad. MMOLINA
999 _c14091
_d14091